[Event "CRO-ch Women 2018"]
[Site "Zagreb"]
[Date "2018.05.26"]
[Round "5.3"]
[White "Cvitan, Ena"]
[Black "Maroslavac, Ivana"]
[Result "1-0"]
[WhiteElo "2103"]
[BlackElo "1781"]
[PlyCount "81"]
[EventDate "2018.??.??"]
[WhiteClock "1:30:00"]
[BlackClock "1:30:00"]

1. d4 Nf6 2. Nf3 e6 3. Bf4 b6 4. e3 Bb7 5. Nbd2 d5 6. c3 c5 7. Bxb8 Rxb8 8.
Bb5+ Ke7 9. Ne5 a6 10. Bxa6 Qc7 11. Bb5 g6 12. Qf3 Bg7 13. g4 Rhf8 14. g5 Ne4
15. Nd7 Nd6 16. Nxf8 Rxf8 17. Bd3 f5 18. Qf4 Qd7 19. h4 Nf7 20. Nf3 c4 21. Bc2
h5 22. gxh6 Bxh6 23. Qg3 Rg8 24. Ke2 Qd6 25. Qxd6+ Kxd6 26. Rag1 Rg7 27. Rh2
Bc6 28. Rhg2 Nh8 29. Ne5 Be8 30. f4 Ke7 31. h5 Kf6 32. hxg6 Nxg6 33. Kf2 Nxe5
34. fxe5+ Kf7 35. Rxg7+ Bxg7 36. b3 cxb3 37. axb3 b5 38. Ra1 Bf8 39. Ra7+ Kg8
40. b4 Bc6 41. Bd3 1-0

[Event "CRO-ch Women 2018"]
[Site "Zagreb"]
[Date "2018.05.26"]
[Round "5.4"]
[White "Radikovic, Anamarija"]
[Black "Saric, Kristina"]
[Result "0-1"]
[WhiteElo "1801"]
[BlackElo "2228"]
[PlyCount "64"]
[EventDate "2018.??.??"]
[WhiteClock "1:30:00"]
[BlackClock "1:30:00"]

1. d4 d5 2. c4 c6 3. Nc3 Nf6 4. e3 e6 5. Nf3 Nbd7 6. Bd3 dxc4 7. Bxc4 b5 8. Bd3
Bd6 9. O-O O-O 10. Qc2 Bb7 11. Rd1 Qe7 12. Qe2 a6 13. Ne4 Nxe4 14. Bxe4 Nf6 15.
Bc2 c5 16. e4 e5 17. dxe5 Bxe5 18. Nxe5 Qxe5 19. f4 Qe7 20. e5 Rad8 21. Be3 Nd5
22. Bd2 Rfe8 23. Qh5 g6 24. Qh6 c4 25. Re1 Qc5+ 26. Kf1 c3 27. bxc3 Nxc3 28. e6
Qc4+ 29. Kg1 Rxd2 30. exf7+ Qxf7 31. Bb3 Bd5 32. Bxd5 Rxd5 0-1

[Event "CRO-ch Women 2018"]
[Site "Zagreb"]
[Date "2018.05.26"]
[Round "5.5"]
[White "Vujnovic, Patricija"]
[Black "Muha, Magdalena"]
[Result "1-0"]
[WhiteElo "2110"]
[BlackElo "1621"]
[PlyCount "81"]
[EventDate "2018.??.??"]
[WhiteClock "1:30:00"]
[BlackClock "1:30:00"]

1. d4 d5 2. Nf3 Nf6 3. Bf4 c5 4. e3 Nc6 5. c3 Qb6 6. Qb3 c4 7. Qxb6 axb6 8. Na3
Bf5 9. Nb5 Ra5 10. Na3 e6 11. Nxc4 dxc4 12. Bxc4 Be7 13. Nd2 O-O 14. Ke2 Ne4
15. Nb3 Ra4 16. Bb5 Raa8 17. f3 Nd6 18. Bxd6 Bxd6 19. e4 Bg6 20. Nd2 Ra5 21.
Bxc6 bxc6 22. Nc4 Bc7 23. Nxa5 bxa5 24. g3 Rb8 25. b3 f5 26. e5 c5 27. Rhd1
cxd4 28. cxd4 Rd8 29. Rac1 Rd7 30. Rc6 Kf7 31. d5 Kf8 32. d6 Bd8 33. Ke3 Be8
34. Rc8 g5 35. Rb8 Bg6 36. Rc1 f4+ 37. gxf4 gxf4+ 38. Kxf4 Kg7 39. Kg3 Bg5 40.
f4 Bh6 41. Rc7 1-0

[Event "CRO-ch Women 2018"]
[Site "Zagreb"]
[Date "2018.05.26"]
[Round "5.6"]
[White "Spiranec, Noemi"]
[Black "Ivekovic, Zvjezdana"]
[Result "1-0"]
[WhiteElo "1946"]
[BlackElo "1708"]
[PlyCount "113"]
[EventDate "2018.??.??"]
[WhiteClock "1:30:00"]
[BlackClock "1:30:00"]

1. d4 b5 2. e3 a6 3. c4 bxc4 4. Bxc4 d5 5. Be2 e6 6. Nf3 Nf6 7. O-O Bd6 8. Qc2
O-O 9. Bd2 a5 10. Nc3 Bb7 11. Rac1 c6 12. e4 dxe4 13. Nxe4 Nxe4 14. Qxe4 Qe7
15. Bg5 f6 16. Bd3 g6 17. Bh6 Re8 18. Rfe1 Bb4 19. Re2 Ba6 20. a3 Bd6 21. Rce1
Bxd3 22. Qxd3 Qd7 23. Qc4 Kf7 24. Re4 Na6 25. Rh4 Nc7 26. Qc1 Rab8 27. Bd2 Kg8
28. Bxa5 Rb5 29. Bxc7 Bxc7 30. Rhe4 Bb6 31. b4 Rd5 32. Qc3 Kf7 33. Rc1 Rd6 34.
h4 Rd8 35. g3 Qa7 36. Qe3 Bxd4 37. Nxd4 Rxd4 38. Rxe6 Rd1+ 39. Rxd1 Rxd1+ 40.
Kg2 Qd7 41. Re4 Rd3 42. Re7+ Qxe7 43. Qxd3 Qe6 44. a4 c5 45. b5 c4 46. Qd4 c3
47. Qxc3 Qe4+ 48. Qf3 Qxa4 49. b6 Qb5 50. Qb7+ Ke6 51. Qc8+ Ke7 52. Qc7+ Qd7
53. Qa7 Ke6 54. b7 Qd5+ 55. Kh2 Qf3 56. b8=Q Qb7 57. Qbxb7 1-0

[Event "CRO-ch Women 2018"]
[Site "Zagreb"]
[Date "2018.05.26"]
[Round "5.7"]
[White "Purkic, Ruza"]
[Black "Golub, Nikolina"]
[Result "0-1"]
[WhiteElo "1434"]
[BlackElo "1906"]
[PlyCount "66"]
[EventDate "2018.??.??"]
[WhiteClock "1:28:00"]
[BlackClock "1:30:00"]

1. Nf3 Nf6 2. g3 d5 3. c4 e6 4. Bg2 c5 5. d4 dxc4 6. Qa4+ Bd7 7. Qxc4 Qc8 8.
Ne5 cxd4 9. Nd2 Nc6 10. Nxd7 Qxd7 11. a3 Rc8 12. Qa4 a6 13. O-O e5 14. b4 Nd5
15. Bb2 Nb6 16. Qb3 Be7 17. Rac1 O-O 18. Ne4 Rfd8 19. Rfd1 Qe6 20. Qxe6 fxe6
21. Nc5 Bxc5 22. bxc5 Na4 23. Rd2 Na5 24. Rdc2 Nb3 25. Bxb7 Nxc1 26. Bxc1 Rxc5
27. Rxc5 Nxc5 28. Bg2 e4 29. Bd2 Nb3 30. Bg5 Rd5 31. Be7 Rd7 32. Bb4 d3 33.
Bxe4 d2 0-1

[Event "CRO-ch Women 2018"]
[Site "Zagreb"]
[Date "2018.05.26"]
[Round "5.8"]
[White "Raguz, Ivanka"]
[Black "Koksa, Jelena"]
[Result "0-1"]
[WhiteElo "1735"]
[BlackElo "1600"]
[PlyCount "60"]
[EventDate "2018.??.??"]
[WhiteClock "1:30:00"]
[BlackClock "1:30:00"]

1. e4 e5 2. Nf3 Nc6 3. Bb5 Bc5 4. O-O Nd4 5. Nxd4 Bxd4 6. c3 Bb6 7. d4 c6 8.
Ba4 d6 9. Na3 Qf6 10. Nc4 Bc7 11. Ne3 Qg6 12. d5 Bd7 13. Bc2 Nf6 14. f4 exf4
15. dxc6 Bxc6 16. e5 Qg5 17. exf6 fxe3 18. Qe2 Bb6 19. Re1 O-O-O 20. a4 a5 21.
b4 axb4 22. cxb4 gxf6 23. a5 Bd4 24. a6 Rhg8 25. axb7+ Bxb7 26. Qc4+ Kb8 27.
Re2 Qxg2+ 28. Rxg2 e2+ 29. Be3 Bxe3+ 30. Kh1 Bxg2# 0-1

[Event "CRO-ch Women 2018"]
[Site "Zagreb"]
[Date "2018.05.26"]
[Round "5.9"]
[White "Bevanda, Ema"]
[Black "Dasic, Jelena"]
[Result "1-0"]
[WhiteElo "1471"]
[BlackElo "1806"]
[PlyCount "59"]
[EventDate "2018.??.??"]
[WhiteClock "1:30:00"]
[BlackClock "1:30:00"]

1. d4 e6 2. Bf4 f5 3. Nf3 Nf6 4. e3 Be7 5. Bd3 d6 6. Nbd2 O-O 7. c3 Nh5 8. Bg3
Nc6 9. Qc2 Bf6 10. Rd1 g6 11. O-O Qe7 12. b4 e5 13. dxe5 dxe5 14. Bc4+ Kh8 15.
Rfe1 Qg7 16. h3 f4 17. Bh2 g5 18. Bd3 g4 19. hxg4 Bxg4 20. Be4 Bh3 21. Kf1
Qxg2+ 22. Ke2 fxe3 23. Kxe3 Bg5+ 24. Ke2 Nf4+ 25. Bxf4 Bh4 26. Nxh4 Qg4+ 27.
Nhf3 Qxf4 28. Rh1 Bg4 29. Rxh7+ Kg8 30. Bd5+ 1-0

[Event "CRO-ch Women 2018"]
[Site "Zagreb"]
[Date "2018.05.26"]
[Round "5.10"]
[White "Komljenovic, Kristina"]
[Black "Spilek, Kristina"]
[Result "1/2-1/2"]
[WhiteElo "1450"]
[BlackElo "1444"]
[PlyCount "56"]
[EventDate "2018.??.??"]
[WhiteClock "1:30:00"]
[BlackClock "1:30:00"]

1. e4 e6 2. d4 d5 3. exd5 exd5 4. Nf3 Nf6 5. Bg5 Be7 6. h3 Nbd7 7. Bd3 h6 8.
Bxf6 Nxf6 9. O-O O-O 10. c4 c6 11. cxd5 Nxd5 12. Nc3 Nxc3 13. bxc3 Bd6 14. Re1
Be6 15. Bc2 Bd5 16. Rb1 b6 17. Qd3 g6 18. c4 Bxf3 19. Qxf3 c5 20. dxc5 Bxc5 21.
Rbd1 Qc7 22. Re2 Rad8 23. a4 Rxd1+ 24. Bxd1 Qd7 25. Qd5 Rd8 26. Rd2 Qxd5 27.
Rxd5 Rd6 28. Rxd6 Bxd6 1/2-1/2

[Event "CRO-ch Women 2018"]
[Site "Zagreb"]
[Date "2018.05.27"]
[Round "6.1"]
[White "Berke, Ana"]
[Black "Spiranec, Noemi"]
[Result "0-1"]
[WhiteElo "2175"]
[BlackElo "1946"]
[PlyCount "162"]
[EventDate "2018.??.??"]
[WhiteClock "0:13:47"]
[BlackClock "1:30:00"]

1. d4 Nf6 2. Bf4 e6 3. e3 d5 4. c3 c5 5. Nd2 Nc6 6. Ngf3 Bd6 7. Bg3 O-O 8. Bd3
b6 9. e4 Be7 10. e5 Nh5 11. a3 Bb7 12. Qe2 Rc8 13. Rd1 cxd4 14. Nxd4 g6 15.
N2f3 Na5 16. O-O Nc4 17. Rfe1 a6 18. Bxc4 Rxc4 19. Qe3 Ng7 20. Bf4 Re8 21. Bh6
Bc8 22. g3 Nf5 23. Nxf5 exf5 24. Nd4 Be6 25. h4 Kh8 26. Kg2 Rg8 27. Bg5 Bxg5
28. hxg5 h5 29. Rh1 Kg7 30. Rh4 Rc8 31. f3 Qc7 32. Qf4 Rh8 33. Rdh1 Bd7 34. g4
hxg4 35. Qh2 Rxh4 36. Qxh4 Qxe5 37. Re1 Qf4 38. Re7 gxf3+ 39. Nxf3 Qxh4 40.
Nxh4 Bb5 41. Rb7 d4 42. Rxb6 dxc3 43. bxc3 Rxc3 44. a4 Bd3 45. Kf2 Rc4 46. Nf3
Rxa4 47. Ne5 Be4 48. Rf6 Bd5 49. Rd6 Be6 50. Nd3 Rg4 51. Nc5 Bc4 52. Nd7 Rxg5
53. Ne5 Bb5 54. Rb6 f4 55. Nf3 Rd5 56. Ne1 g5 57. Kf3 Re5 58. Nc2 Be2+ 59. Kf2
g4 60. Nd4 g3+ 61. Kg2 Bg4 62. Rxa6 Rh5 63. Nf3 Bh3+ 64. Kg1 Rc5 65. Ra1 Bg4
66. Nd2 f3 67. Ne4 Rc2 68. Rb1 Bh3 69. Nxg3 Rg2+ 70. Kf1 Rxg3+ 71. Kf2 Rg4 72.
Kxf3 f5 73. Kf2 Kg6 74. Kf3 Bg2+ 75. Kf2 Be4 76. Rb8 Kg5 77. Rb4 Kf4 78. Ra4
Rg2+ 79. Kf1 Rh2 80. Ra3 Bf3 81. Kg1 Kg3 0-1

[Event "CRO-ch Women 2018"]
[Site "Zagreb"]
[Date "2018.05.27"]
[Round "6.2"]
[White "Medic, Mirjana"]
[Black "Ivekovic, Tihana"]
[Result "1-0"]
[WhiteElo "2157"]
[BlackElo "2184"]
[PlyCount "127"]
[EventDate "2018.??.??"]
[WhiteClock "1:30:00"]
[BlackClock "0:08:52"]

1. d4 d5 2. c4 e6 3. Nc3 Nf6 4. Nf3 c6 5. e3 Nbd7 6. Qc2 Bd6 7. b3 O-O 8. Be2
b6 9. O-O Bb7 10. e4 dxe4 11. Nxe4 Nxe4 12. Qxe4 Nf6 13. Qh4 Nd7 14. Bg5 f6 15.
Bd3 g6 16. Bh6 Re8 17. Rfe1 c5 18. Be4 Bxe4 19. Qxe4 Qc7 20. Rad1 Rad8 21. Qg4
Kf7 22. h4 cxd4 23. Nxd4 Ne5 24. Qe4 Bc5 25. Bf4 Qd7 26. Bxe5 fxe5 27. Qf3+ Kg8
28. Nc6 Bd4 29. Nxe5 Qg7 30. Ng4 h5 31. Ne3 e5 32. Qe4 Rf8 33. g3 Qf7 34. Rf1
Rd6 35. Kg2 Rf6 36. f3 Kg7 37. Nc2 Bb2 38. Rd3 Qc7 39. Ne3 Qf7 40. Nd5 Rf5 41.
Nc3 Bxc3 42. Rxc3 Qc7 43. Rd3 R8f7 44. Rfd1 Qe7 45. Rd6 R5f6 46. Rxf6 Qxf6 47.
Rd5 Re7 48. b4 Qf5 49. c5 Qxe4 50. fxe4 bxc5 51. Rxc5 Rd7 52. Rxe5 Rd2+ 53. Kf3
Rxa2 54. Ra5 Rb2 55. Rxa7+ Kf6 56. Ra6+ Ke5 57. Ra5+ Kf6 58. Rb5 Rb1 59. Ke3
Rg1 60. Rg5 Rb1 61. b5 Rb4 62. Rc5 Rb1 63. Kd4 Rd1+ 64. Kc4 1-0

[Event "CRO-ch Women 2018"]
[Site "Zagreb"]
[Date "2018.05.27"]
[Round "6.3"]
[White "Saric, Kristina"]
[Black "Cvitan, Ena"]
[Result "1/2-1/2"]
[WhiteElo "2228"]
[BlackElo "2103"]
[PlyCount "143"]
[EventDate "2018.??.??"]
[WhiteClock "1:29:00"]
[BlackClock "0:01:59"]

1. e4 c6 2. d4 d5 3. Nc3 dxe4 4. Nxe4 Bf5 5. Ng3 Bg6 6. h4 h6 7. Nf3 Nd7 8. h5
Bh7 9. Bd3 Bxd3 10. Qxd3 Ngf6 11. Bf4 e6 12. O-O-O a5 13. Ne4 Nxe4 14. Qxe4 Nf6
15. Qe2 Qd5 16. c4 Qe4 17. Be3 Ng4 18. Rh4 Qf5 19. Ne5 Nxe5 20. Rf4 Qh7 21.
dxe5 Be7 22. Qf3 O-O 23. Rd7 Rae8 24. Rxb7 Qd3 25. Rd4 Qf1+ 26. Qd1 Qxg2 27.
Rg4 Qh2 28. Bxh6 Qxe5 29. Rxe7 Rxe7 30. Bxg7 Qxg7 31. Rxg7+ Kxg7 32. h6+ Kh7
33. Qd6 Ree8 34. Qxc6 Kxh6 35. b3 Ra8 36. Qc7 Kg6 37. Kc2 f6 38. Kc3 Rfc8 39.
Qb7 e5 40. Qe4+ Kg7 41. a3 Rh8 42. Qg4+ Kf7 43. c5 Rad8 44. Qc4+ Kg6 45. Qe4+
Kg5 46. Qg2+ Kf5 47. Qf3+ Kg5 48. b4 axb4+ 49. axb4 Rd4 50. c6 Ra8 51. Qe3+ Kf5
52. Qh3+ Kf4 53. Qh4+ Kf5 54. Qh3+ Kf4 55. Qh6+ Kf5 56. c7 Ke6 57. b5 Rd6 58.
Kb4 Rc8 59. Qh3+ f5 60. Qh6+ Kd5 61. Qd2+ Ke6 62. Qa2+ Ke7 63. Qc2 Kd7 64.
Qxf5+ Kxc7 65. Qxe5 Kd7 66. Qg7+ Kd8 67. f4 Rb8 68. Qh8+ Kc7 69. Qe5 Kd7 70.
Qg7+ Kd8 71. Ka5 Ra8+ 72. Kb4 1/2-1/2

[Event "CRO-ch Women 2018"]
[Site "Zagreb"]
[Date "2018.05.27"]
[Round "6.4"]
[White "Golub, Nikolina"]
[Black "Vujnovic, Patricija"]
[Result "1/2-1/2"]
[WhiteElo "1906"]
[BlackElo "2110"]
[PlyCount "102"]
[EventDate "2018.??.??"]
[WhiteClock "0:42:18"]
[BlackClock "1:30:00"]

1. e4 c6 2. d4 d5 3. Nc3 dxe4 4. Nxe4 Bf5 5. Ng3 Bg6 6. h4 h6 7. h5 Bh7 8. Nf3
Nd7 9. Bd3 Bxd3 10. Qxd3 e6 11. Bf4 Ngf6 12. O-O-O Be7 13. Ne4 Nxe4 14. Qxe4
Nf6 15. Qe5 O-O 16. Qc7 Qxc7 17. Bxc7 Rac8 18. Bg3 Ne4 19. Bh4 Bxh4 20. Rxh4 f5
21. Re1 Rfd8 22. Re2 c5 23. dxc5 Rxc5 24. c3 b5 25. Nd2 Nxd2 26. Rxd2 Rxd2 27.
Kxd2 e5 28. Ke2 Kf7 29. Rh1 b4 30. cxb4 Rc2+ 31. Ke3 Rxb2 32. Rc1 Rxa2 33. Rc7+
Kf6 34. Rc6+ Kg5 35. Rg6+ Kxh5 36. Rxg7 Ra3+ 37. Ke2 a6 38. f3 f4 39. Re7 Ra2+
40. Kf1 Kh4 41. Re6 Ra4 42. Rxh6+ Kg5 43. Rc6 Kf5 44. Kf2 Ra2+ 45. Kf1 Ra4 46.
Ke1 a5 47. bxa5 Rxa5 48. Kf2 e4 49. fxe4+ Kxe4 50. Rc4+ Kf5 51. Rc8 Ra2+
1/2-1/2

[Event "CRO-ch Women 2018"]
[Site "Zagreb"]
[Date "2018.05.27"]
[Round "6.5"]
[White "Blazeka, Mihaela"]
[Black "Koksa, Jelena"]
[Result "1-0"]
[WhiteElo "2028"]
[BlackElo "1600"]
[PlyCount "61"]
[EventDate "2018.??.??"]
[WhiteClock "1:26:00"]
[BlackClock "0:27:33"]

1. e4 e5 2. Nf3 Nc6 3. Bb5 Bc5 4. O-O Nd4 5. Nxd4 Bxd4 6. c3 Bb6 7. d4 c6 8.
Bc4 d6 9. Qd3 Qf6 10. Be3 Bc7 11. f4 exd4 12. Bxd4 Qh6 13. Qg3 Bb6 14. f5 Nf6
15. Qxd6 Bxd4+ 16. cxd4 Qe3+ 17. Kh1 Ng4 18. Nc3 a6 19. h3 h5 20. Rae1 Qg5 21.
Nd5 cxd5 22. exd5+ Ne3 23. Qe5+ Kd8 24. Rxe3 Qf6 25. d6 Qxe5 26. dxe5 Rf8 27.
e6 fxe6 28. fxe6 Rxf1+ 29. Bxf1 b5 30. e7+ Ke8 31. Bd3 1-0

[Event "CRO-ch Women 2018"]
[Site "Zagreb"]
[Date "2018.05.27"]
[Round "6.6"]
[White "Maroslavac, Ivana"]
[Black "Radikovic, Anamarija"]
[Result "1/2-1/2"]
[WhiteElo "1781"]
[BlackElo "1801"]
[PlyCount "78"]
[EventDate "2018.??.??"]
[WhiteClock "0:09:51"]
[BlackClock "1:30:00"]

1. e4 c6 2. d4 d5 3. Nc3 dxe4 4. Nxe4 Bf5 5. Ng3 Bg6 6. h4 h6 7. Nf3 Nd7 8. h5
Bh7 9. Bd3 Bxd3 10. Qxd3 Ngf6 11. Bf4 Qa5+ 12. Bd2 Qc7 13. O-O-O e6 14. Kb1 Bd6
15. Ne4 Nxe4 16. Qxe4 Nf6 17. Qe2 Bf4 18. g3 Bxd2 19. Nxd2 O-O-O 20. Ne4 Qe7
21. Rhe1 Rhe8 22. f4 Rd5 23. g4 Red8 24. c3 Nxe4 25. Qxe4 Qf6 26. Kc2 Ra5 27.
a3 Rad5 28. Kc1 R8d6 29. Rf1 a6 30. Kc2 Qd8 31. Rf2 Qh4 32. Qf3 c5 33. Rfd2 Qd8
34. Qe4 Kb8 35. b3 cxd4 36. c4 d3+ 37. Rxd3 Rxd3 38. Rxd3 Rxd3 39. Qxd3 Qc7
1/2-1/2

[Event "CRO-ch Women 2018"]
[Site "Zagreb"]
[Date "2018.05.27"]
[Round "6.7"]
[White "Muha, Magdalena"]
[Black "Raguz, Ivanka"]
[Result "1-0"]
[WhiteElo "1621"]
[BlackElo "1735"]
[PlyCount "69"]
[EventDate "2018.??.??"]
[WhiteClock "1:30:00"]
[BlackClock "1:30:00"]

1. d4 Nf6 2. Nf3 g6 3. c4 Bg7 4. Nc3 d6 5. e4 O-O 6. Bd3 Nc6 7. h3 e5 8. d5 Nb8
9. Be3 a5 10. c5 Nh5 11. cxd6 cxd6 12. Na4 Nf4 13. Rg1 Nd7 14. Rc1 f5 15. Bxf4
exf4 16. exf5 gxf5 17. g3 fxg3 18. Rxg3 f4 19. Rg2 Nf6 20. Ng5 Re8+ 21. Kf1 h6
22. Rxc8 Rxc8 23. Ne6 Rxe6 24. dxe6 Qe8 25. Bf5 Kh8 26. Nc3 Rc5 27. Qd3 d5 28.
Qd4 Rc4 29. Qb6 Rb4 30. Qc7 Nh5 31. Bg6 Qxe6 32. Bxh5 Bf6 33. Qb8+ Bd8 34.
Qxd8+ Qg8 35. Qxg8# 1-0

[Event "CRO-ch Women 2018"]
[Site "Zagreb"]
[Date "2018.05.27"]
[Round "6.8"]
[White "Ivekovic, Zvjezdana"]
[Black "Arnold, Dora"]
[Result "1-0"]
[WhiteElo "1708"]
[BlackElo "1347"]
[PlyCount "41"]
[EventDate "2018.??.??"]
[WhiteClock "1:30:00"]
[BlackClock "1:30:00"]

1. d4 d5 2. c4 c6 3. Nc3 Nf6 4. Nf3 e6 5. e3 Bd6 6. Bd3 O-O 7. O-O Nbd7 8. b3
Re8 9. Bb2 e5 10. dxe5 Nxe5 11. Nxe5 Bxe5 12. Qc2 Qd6 13. f4 Bxc3 14. Qxc3 Kh8
15. Rf3 Bg4 16. Rg3 Qe6 17. Rf1 Rg8 18. f5 Qd6 19. c5 Qc7 20. Rf4 Bd1 21. Qxf6
1-0

[Event "CRO-ch Women 2018"]
[Site "Zagreb"]
[Date "2018.05.27"]
[Round "6.9"]
[White "Purkic, Ruza"]
[Black "Bevanda, Ema"]
[Result "0-1"]
[WhiteElo "1434"]
[BlackElo "1471"]
[PlyCount "152"]
[EventDate "2018.??.??"]
[WhiteClock "1:29:00"]
[BlackClock "1:30:00"]

1. c4 e6 2. g3 d5 3. cxd5 exd5 4. d4 Nf6 5. Bg2 Bf5 6. Nc3 c6 7. Nf3 Nbd7 8.
O-O Be7 9. a3 O-O 10. b4 a5 11. b5 Rc8 12. Nh4 Be6 13. a4 Bb4 14. Na2 Bd6 15.
e3 Nb6 16. Nc3 Nc4 17. Nf3 Bg4 18. h3 Bh5 19. Qb3 Bg6 20. Nd2 Bd3 21. Re1 Nxd2
22. Bxd2 Qd7 23. Nxd5 cxd5 24. Qxd3 b6 25. Rac1 h6 26. Rxc8 Rxc8 27. Rc1 Rxc1+
28. Bxc1 Qc7 29. Ba3 Bxa3 30. Qxa3 Qd7 31. Qc3 Ne8 32. Qc6 Qxc6 33. bxc6 Nc7
34. Bf1 Kf8 35. e4 Ke7 36. e5 f6 37. f4 Ne6 38. Bg2 Nc7 39. Kf2 Ke6 40. Ke3 Na6
41. h4 h5 42. Bh3+ f5 43. Bf1 Nc7 44. Kd2 g6 45. Kc3 Ke7 46. Kd3 Ke6 47. Ke3
Ke7 48. Bd3 Ke6 49. Kf2 Ke7 50. g4 hxg4 51. h5 Kf7 52. Kg3 Kg7 53. Kh4 Kh6 54.
hxg6 Kxg6 55. Be2 Kh6 56. Bxg4 fxg4 57. Kxg4 Kg6 58. f5+ Kf7 59. Kf4 Ne8 60.
Kg5 Nc7 61. f6 Ne6+ 62. Kh6 Nc7 63. Kh5 Ne6 64. Kg4 Nc7 65. Kf3 Ke6 66. Kf4 Kf7
67. Ke3 Ne6 68. Kf2 Nc7 69. Kg3 b5 70. axb5 Nxb5 71. Kf4 a4 72. Kg5 Nc7 73. e6+
Nxe6+ 74. Kf5 a3 75. Ke5 a2 76. Kxd5 a1=Q 0-1

[Event "CRO-ch Women 2018"]
[Site "Zagreb"]
[Date "2018.05.27"]
[Round "6.10"]
[White "Putar, Lara"]
[Black "Komljenovic, Kristina"]
[Result "1-0"]
[WhiteElo "1571"]
[BlackElo "1450"]
[PlyCount "67"]
[EventDate "2018.??.??"]
[WhiteClock "1:30:00"]
[BlackClock "1:30:00"]

1. d4 e6 2. c4 d5 3. Nf3 Be7 4. g3 c5 5. dxc5 Bxc5 6. cxd5 exd5 7. Bg5 f6 8.
Bf4 Nc6 9. Bg2 Nge7 10. O-O O-O 11. Qb3 Na5 12. Qc3 Qb6 13. a3 d4 14. Qc2 Bf5
15. Qa4 Nb3 16. Bc7 Qxc7 17. Qxb3+ Kh8 18. Nbd2 Rfe8 19. Rac1 b6 20. Nxd4 Rad8
21. Nxf5 Nxf5 22. Ne4 Nd4 23. Qc4 Qe5 24. e3 Nf5 25. Nxc5 bxc5 26. Qxc5 Qxc5
27. Rxc5 g6 28. Rfc1 Nd6 29. Rc7 Nb5 30. Rb7 Rb8 31. Rf7 f5 32. a4 Nd6 33. Rxa7
Rxb2 34. Rcc7 1-0

[Event "CRO-ch Women 2018"]
[Site "Zagreb"]
[Date "2018.05.27"]
[Round "7.2"]
[White "Vujnovic, Patricija"]
[Black "Berke, Ana"]
[Result "0-1"]
[WhiteElo "2110"]
[BlackElo "2175"]
[PlyCount "50"]
[EventDate "2018.??.??"]
[WhiteClock "1:27:00"]
[BlackClock "1:29:00"]

1. d4 Nf6 2. Nf3 c5 3. c3 g6 4. dxc5 Bg7 5. e3 Qc7 6. b4 O-O 7. Bb2 Ne4 8. Bd3
d5 9. Qb3 Bf5 10. Be2 a5 11. Nd4 Nc6 12. f3 Nf6 13. b5 Ne5 14. Nxf5 gxf5 15.
Ba3 Ned7 16. b6 Qe5 17. Kf2 Bh6 18. f4 Ne4+ 19. Kf1 Qe6 20. c4 Qf6 21. Bb2 Qh4
22. g3 Nxg3+ 23. hxg3 Qxh1+ 24. Kf2 Nxc5 25. Nd2 Qh2+ 0-1

[Event "CRO-ch Women 2018"]
[Site "Zagreb"]
[Date "2018.05.27"]
[Round "7.4"]
[White "Blazeka, Mihaela"]
[Black "Saric, Kristina"]
[Result "1-0"]
[WhiteElo "2028"]
[BlackElo "2228"]
[PlyCount "127"]
[EventDate "2018.??.??"]
[WhiteClock "1:28:00"]
[BlackClock "0:10:50"]

1. e4 c5 2. Nf3 e6 3. c4 Nc6 4. d4 cxd4 5. Nxd4 Nf6 6. Nc3 Bb4 7. Nxc6 bxc6 8.
Bd3 e5 9. O-O O-O 10. h3 Bc5 11. Qe2 d6 12. Be3 Bd4 13. Rab1 Re8 14. Rfe1 Rb8
15. Na4 Qa5 16. Qc2 c5 17. Bd2 Qd8 18. Nc3 Bd7 19. Ne2 h6 20. Nxd4 cxd4 21. b4
Qc7 22. Rec1 Rec8 23. Qd1 Qd8 24. f4 Bc6 25. Qe1 Qe7 26. b5 Ba8 27. Qh4 Re8 28.
fxe5 Qxe5 29. Bf4 Qc5 30. Qg3 Re6 31. b6 Nh5 32. Rb5 Nxg3 33. Rxc5 axb6 34. Rd5
Bxd5 35. cxd5 Rxe4 36. Bxg3 Re3 37. Bxd6 Ra8 38. Bc4 Rc3 39. Rxc3 dxc3 40. Bb3
Rc8 41. Bf4 g5 42. Bc1 Kg7 43. d6 b5 44. Kf2 Kf6 45. Ke3 Ke5 46. Ba3 c2 47. Kd2
b4 48. d7 Rd8 49. Bxb4 Rxd7+ 50. Kxc2 f5 51. Bd2 f4 52. Bc4 Rc7 53. Kb3 Kd4 54.
Be2 Rb7+ 55. Bb4 Ke3 56. Bf3 Rb8 57. a4 Kf2 58. a5 h5 59. a6 g4 60. a7 Rxb4+
61. Kxb4 gxf3 62. gxf3 Kxf3 63. a8=Q+ Kg3 64. Qh1 1-0

[Event "CRO-ch Women 2018"]
[Site "Zagreb"]
[Date "2018.05.27"]
[Round "7.5"]
[White "Maroslavac, Ivana"]
[Black "Muha, Magdalena"]
[Result "1/2-1/2"]
[WhiteElo "1781"]
[BlackElo "1621"]
[PlyCount "58"]
[EventDate "2018.??.??"]
[WhiteClock "1:29:00"]
[BlackClock "1:30:00"]

1. e4 e6 2. d4 d5 3. exd5 exd5 4. Bd3 Nc6 5. Nf3 Bd6 6. O-O Nge7 7. Re1 Bg4 8.
h3 Bh5 9. c3 Qd7 10. Be3 O-O-O 11. Nbd2 Kb8 12. Qc2 Bg6 13. Bxg6 Nxg6 14. Rad1
Rhe8 15. Nb3 h6 16. Re2 Re7 17. Rde1 Rde8 18. Nc1 Nf4 19. Bxf4 Bxf4 20. Nd3 Bd6
21. Rxe7 Rxe7 22. Rxe7 Qxe7 23. Kf1 Kc8 24. Qe2 Qxe2+ 25. Kxe2 Kd7 26. Nh4 Ne7
27. g3 g5 28. Ng2 Ng6 29. Ne3 Ne7 1/2-1/2

[Event "CRO-ch Women 2018"]
[Site "Zagreb"]
[Date "2018.05.27"]
[Round "7.6"]
[White "Koksa, Jelena"]
[Black "Golub, Nikolina"]
[Result "1/2-1/2"]
[WhiteElo "1600"]
[BlackElo "1906"]
[PlyCount "69"]
[EventDate "2018.??.??"]
[WhiteClock "1:29:00"]
[BlackClock "1:31:00"]

1. e4 e6 2. d4 d5 3. Nd2 c5 4. exd5 exd5 5. Ngf3 Nc6 6. Bb5 Qe7+ 7. Qe2 Qxe2+
8. Bxe2 Bf5 9. c3 cxd4 10. Nxd4 Nxd4 11. cxd4 a6 12. O-O Bd6 13. Re1 Ne7 14.
Bf3 O-O 15. Nb1 Nc6 16. Rd1 Nb4 17. Na3 Rfd8 18. Be2 Rac8 19. Be3 Nc2 20. Nxc2
Rxc2 21. Rd2 Rdc8 22. Bf3 Be6 23. a3 b5 24. g3 Bb8 25. Rxc2 Rxc2 26. Rc1 Rxc1+
27. Bxc1 Kf8 28. b4 Ba7 29. Bb2 Ke7 30. Kf1 Kd6 31. Ke2 Bb6 32. Bc3 Bd8 33. Bg2
g5 34. f3 h5 35. Ke3 1/2-1/2

[Event "CRO-ch Women 2018"]
[Site "Zagreb"]
[Date "2018.05.27"]
[Round "7.7"]
[White "Radikovic, Anamarija"]
[Black "Ivekovic, Zvjezdana"]
[Result "1/2-1/2"]
[WhiteElo "1801"]
[BlackElo "1708"]
[PlyCount "55"]
[EventDate "2018.??.??"]
[WhiteClock "1:29:00"]
[BlackClock "1:29:00"]

1. d4 d5 2. c4 c6 3. Nc3 Nf6 4. cxd5 cxd5 5. Bf4 Bd7 6. e3 a6 7. Bd3 e6 8. Nf3
Be7 9. h3 Nc6 10. a3 Rc8 11. O-O O-O 12. Rc1 Na5 13. Qe2 Nb3 14. Rc2 Qa5 15.
Nb1 Qb6 16. Nbd2 Rxc2 17. Bxc2 Bb5 18. Bd3 Nxd2 19. Qxd2 Bxd3 20. Qxd3 Qxb2 21.
Rb1 Qxa3 22. Qxa3 Bxa3 23. Rxb7 a5 24. Ra7 Bb4 25. Bc7 Ne4 26. Bxa5 Bxa5 27.
Rxa5 f6 28. Ra6 1/2-1/2

[Event "CRO-ch Women 2018"]
[Site "Zagreb"]
[Date "2018.05.27"]
[Round "7.8"]
[White "Bevanda, Ema"]
[Black "Putar, Lara"]
[Result "1-0"]
[WhiteElo "1471"]
[BlackElo "1571"]
[PlyCount "59"]
[EventDate "2018.??.??"]
[WhiteClock "1:30:00"]
[BlackClock "1:31:00"]

1. d4 d5 2. Bf4 Nf6 3. e3 Bf5 4. Nf3 a6 5. Bd3 Bxd3 6. Qxd3 Nbd7 7. Nbd2 g6 8.
h3 Bg7 9. Rc1 c5 10. c4 cxd4 11. exd4 dxc4 12. Nxc4 Rc8 13. O-O O-O 14. Rfd1
Nd5 15. Bh2 b5 16. Ncd2 Qb6 17. Qb3 Nc7 18. Nf1 Ne6 19. Rxc8 Rxc8 20. Qb4 Rc2
21. Ne3 Rc8 22. Qxe7 Bf8 23. Qxd7 Rd8 24. Nd5 Rxd7 25. Nxb6 Rd8 26. Rd2 Bb4 27.
Rc2 Ba5 28. Nc8 Bc7 29. Ne7+ Kf8 30. Bxc7 1-0

[Event "CRO-ch Women 2018"]
[Site "Zagreb"]
[Date "2018.05.27"]
[Round "7.10"]
[White "Arnold, Dora"]
[Black "Purkic, Ruza"]
[Result "1-0"]
[WhiteElo "1347"]
[BlackElo "1434"]
[PlyCount "67"]
[EventDate "2018.??.??"]
[WhiteClock "1:27:00"]
[BlackClock "1:31:00"]

1. e4 c5 2. Nf3 g6 3. d4 cxd4 4. Nxd4 Nc6 5. Be3 Bg7 6. Nc3 Nf6 7. Be2 O-O 8.
O-O d5 9. exd5 Nxd5 10. Nxd5 Qxd5 11. Bf3 Qd7 12. Nxc6 bxc6 13. Rb1 Rb8 14. b3
Qc7 15. Re1 Rd8 16. Qe2 Bc3 17. Red1 Be6 18. Rd3 Be5 19. g3 Bd5 20. Rbd1 Bxf3
21. Qxf3 Bd6 22. Rc3 c5 23. a3 a5 24. Rd5 e6 25. Rd1 Qb6 26. Rcd3 Be7 27. Rd7
Re8 28. Bg5 Kf8 29. Bh6+ Kg8 30. Rxe7 f5 31. Rxe8+ Rxe8 32. Rd7 e5 33. Qd5+ Re6
34. Qa8+ 1-0